000 01256nmc a2200457 a 4500
003 AR-BaBNM
005 20251128204629.0
008 257019s1990 ||||||||||||||000 | spa||
020 _a950-620-059-9
040 _cAR-BaBNM
100 1 _aSchroeder, Alfredo J.
245 1 0 _aBreve historia de la literatura latina
260 _aBuenos Aires
_bClaridad
_c1990
300 _a322 p.
490 0 _aBreve historia Claridad
500 _aContiene referencias bibliográficas en p. 307
500 _aIndice de autores y obras anónimas tratados en p. 315
650 4 _aRETORICA
650 4 _aLITERATURA LATINA
650 4 _aCULTURAS LITERARIAS
650 4 _aHISTORIA LITERARIA
650 4 _aHISTORIA DEL ARTE
650 4 _aHISTORIA ANTIGUA
650 4 _aHISTORIA POLITICA
650 4 _aHISTORIOGRAFIA
650 4 _aCRITICA LITERARIA
650 4 _aMITOLOGIA
650 4 _aCOSTUMBRES Y TRADICIONES
650 4 _aLITERATURA POPULAR
651 4 _aRoma
653 _aHELENISMO
653 _aALEJANDRINISMO
653 _aPOESIA EPICA
653 _aPOESIA ELEGIACA
653 _aPOESIA BUCOLICA
653 _aPOESIA DIDACTICA
655 _aLITERATURA
700 1 _aVaccaro, Alberto José
942 _cBK
998 _cMARTIN
999 _c8148
_d8148